000 00281 a2200121 4500
000 nam a22 7a 4500
020 _a9781484277287
100 _aPanesar,Arjun
_983
245 _aMachine learning and AI for healthcare
250 _a2
260 _bApress
_c2021
264 _bApress
999 _c35939
_d35939